Učitavanje...

GREAT BUDDHIST KINGS OF ASIA

Bibliografski detalji
Glavni autor: AHIR, D C
Format: Printed Book
Izdano: DELHI BuddHIST WORLD PRESS 1997
Teme:
LEADER 00603nam a2200229 4500
020 |c 0.0 
082 |a 294.3095 AHI 
100 |a AHIR, D C 
245 |a GREAT BUDDHIST KINGS OF ASIA  |h ENGLISH 
250
260 |a DELHI  |b BuddHIST WORLD PRESS  |c 1997 
300
500 |a   
501 |a Art 
538
590
630
650 |a GREAT BUDDHIST KINGS OF ASIA 
700
942 |c BK 
999 |c 179887  |d 179887 
952 |0 0  |1 0  |4 0  |6 294_309500000000000_AHI  |7 0  |9 193250  |a AGY  |b AGY  |g 0.00  |l 0  |o 294.3095 AHI  |p AGY4096  |r 2019-10-25  |w 2019-10-25  |y BK